00997cam a2200229Ma 45000010006000000050017000060080041000230350023000640400025000870350020001120840018001320490009001501100074001592450299002332600023005323000024005554400035005799420012006149940014006269990019006409520108006594109820230411085956.0901030s1985 xxu f 000 0 spa d a(OCoLC)ocm48293853 aEL$bspacEL$dOCLCQ a(OCoLC)48293853 a312.2bN1247b aGRAL2 aNaciones Unidas.bDept. of International Economic and Social Affairs.10aBase de datos para la mediciâon de la mortalidad :bdocumentos de la Reuniâon del Grupo de Trabajo de las Naciones Unidas y la Organizaciâon Mundial de la Salud sobre Base de Datos para la Mediciâon de los Niveles, Tendencias y Diferencias de la Mortalidad, Bangkok, 20 a 23 de octubre. aNueva York,c1985. ax, 180 p. ;c28 cm. 0aEstudios de poblaciâon ;v84 2lcccbk aC0bDRFGD c110313d110313 00102lcc40708APTaBJBbBJBcAPTd2023-04-11l0p00000042011r2019-02-17 00:00:00t1w2019-02-17ybk